=LDR 00000nam 2200000 4500 =001 INLIS000000000053158 =005 20180423081828 =035 ##$$a 0010-0418000049 =007 ta =008 180423###########################0###### =020 ##$$a 979-782-022-x =082 ##$$a 510.71 =084 ##$$a 510.71 DRS p =100 ##$$a Drs. Antoni Idel =245 1#$$a Pilar matematika SMA untuk kelas 1,2,3 /$c Antoni Idel =250 ##$$a cet. 5 =260 ##$$a Jawa Timur :$b Gila Media Prus,$c 2005 =300 ##$$a 320 hlm. : $b ilus ; $c 21 cm =710 ##$$a Drs. Rudi Haryono =990 ##$$a 3623536235 =990 ##$$a 31701512